1356 1390 1698 1243 1985 1742 1977 1088 1745 1305 1151 1096 1928 1717 1064 1748 1519 1889 1065 1546 1504 1914 1722 1810 1242 1152 1647 1479 1576 1331 1196 1061 1217 1932 1081 1333 1764 1066 1248 1953 1991 1885 1355 1212 1559 1573 1622 1471 1583 1122 1880 1249 1702 1130 1191 1441 1189 1819 1690 1476 1574 1005 1683 1034 1879 1931 1612 1403 1497 1263 1617 1870 1030 1351 1720 1970 1877 1488 1451 1826 1679 1089 1938 1604 1026 1122 1571 1450 1681 1321 1629 1693 1266 1065 1704 1047 1648 1673 1629 BCNSPRNW ULIB Ver.6.0+V

เปลี่ยนเป็นภาษาไทย

Change to English
 แสดงรายละเอียดบรรณานุกรม
  กลับหน้าหลัก

Brief Record : Get Marc (ISO 2709) : E-mail record : QR code < ปิดหน้าต่าง
LEADER : 00000nam 2200000uu 4500
001    13399112135
003     ULIB
008    110727s2550||||th 000 0 tha d
020    9749943082
020    9789749943083
050  4 HA62^bล246ส 2550
100 0  ลัดดาวัลย์ เพชรโรจน์
245 10 สถิติสำหรับการวิจัยและเทคนิคการใช้ SPSS :^bStatistics for research and SPSS application techniques /^cลัดดาวัลย์ เพชรโรจน์, สุภมาส อังศุโชติ, อัจฉรา ชำนิประศาสน์
246 31 Statistics for research and SPSS application techniques
260    กรุงเทพฯ :^bมิสชั่น มีเดีย จำกัด,^c2550
300    271 หน้า :^bภาพประกอบ ;^c26 ซม. +^e1 ซีดีรอม
650  4 วิจัย^xระเบียบวิธีทางสถิติ
650  4 สถิติ^xโปรแกรมคอมพิวเตอร์
650  4 เอสพีเอสเอส (โปรแกรมคอมพิวเตอร์)
700 0  สุภมาส อังศุโชติ
700 0  อัจฉรา ชำนิประศาสน์
945    ^p280^l0^i02464
945    ^p280^l0^i024615
945    ^p280^l0^i027315
945    ^p280^l0^i027316
995    ทศพร
999 ^a ทศพร
รายการนี้ยังไม่มีแท็ก
คุณยังไม่ได้ล็อกอิน คุณสามารถมีกิจกรรมร่วมกับเว็บไซต์ได้ แต่ต้องล็อกอินก่อน ::
  ล็อกอิน

รายการสื่อสารสนเทศ

ลำดับที่ ประเภท เลขเรียก/บาร์โค้ด สถานที่ สถานะ
- ไม่พบข้อมูล -

รายการใกล้เคียง
    ผู้แต่ง [ลัดดาวัลย์ เพชรโรจน์]

    หัวเรื่อง [เอสพีเอสเอส (โปรแกรมคอมพิวเตอร์)]

BibComment


ยังไม่เคยถูกคอมเมนท์

คอมเมนท์ทรัพยากรรายการนี้
  คอมเมนท์: สถิติสำหรับการวิจ..


 Copyright 2026. Bcnsprnw @Library